00375nam a2200133Ia 450000500170000000800410001702000180005808200210007610000230009724500610012026000380018130000130021944000090023220241029101024.0240126s9999 xx 000 0 und d a9788184950281 a813.08 XAV;1 R aXavier, G Francis. 0a101 inspiring stories : principles for successful living bJaico PublishingaAhmedabadc2018 axvi, 187 aNULL